NDU-K Library Catalogue

Girl in a jacket 

The spirit level : (Record no. 14752)

MARC details
000 -LEADER
fixed length control field 02461cam a22004574a 4500
001 - CONTROL NUMBER
control field 15845690
003 - CONTROL NUMBER IDENTIFIER
control field OSt
005 - DATE AND TIME OF LATEST TRANSACTION
control field 20260428083922.0
008 - FIXED-LENGTH DATA ELEMENTS--GENERAL INFORMATION
fixed length control field 090731s2010 nyua b 001 0 eng
010 ## - LIBRARY OF CONGRESS CONTROL NUMBER
LC control number 2009030428
020 ## - INTERNATIONAL STANDARD BOOK NUMBER
International Standard Book Number 9781608190362 (hardcover : alk. paper) :
Terms of availability $28.00
020 ## - INTERNATIONAL STANDARD BOOK NUMBER
International Standard Book Number 1608190366
Qualifying information hardcover
035 ## - SYSTEM CONTROL NUMBER
System control number 15845690
035 ## - SYSTEM CONTROL NUMBER
System control number (OCoLC)401149670
040 ## - CATALOGING SOURCE
Original cataloging agency DLC
Transcribing agency DLC
Modifying agency BTCTA
-- ZPX
-- UPZ
-- C#P
-- YDXCP
-- BWX
-- ABG
-- XFH
-- MOF
-- OBE
-- DLC
042 ## - AUTHENTICATION CODE
Authentication code pcc
050 00 - LIBRARY OF CONGRESS CALL NUMBER
Classification number HM821
Item number .W55 2009
082 00 - DEWEY DECIMAL CLASSIFICATION NUMBER
Classification number 306.01
Edition number 22
100 1# - MAIN ENTRY--PERSONAL NAME
Personal name Wilkinson, Richard G.
245 14 - TITLE STATEMENT
Title The spirit level :
Remainder of title why greater equality makes societies stronger /
Statement of responsibility, etc. Richard Wilkinson and Kate Pickett.
260 ## - PUBLICATION, DISTRIBUTION, ETC.
Place of publication, distribution, etc. New York :
Name of publisher, distributor, etc. Bloomsbury Press,
Date of publication, distribution, etc. 2010.
300 ## - PHYSICAL DESCRIPTION
Extent xv, 330 p. :
Other physical details ill. ;
Dimensions 25 cm.
336 ## - CONTENT TYPE
Content type term text
Content type code txt
Source rdacontent
337 ## - MEDIA TYPE
Media type term unmediated
Media type code n
Source rdamedia
338 ## - CARRIER TYPE
Carrier type term volume
Carrier type code nc
Source rdacarrier
500 ## - GENERAL NOTE
General note First published in Great Britain by Allen Lane, 2009.
504 ## - BIBLIOGRAPHY, ETC. NOTE
Bibliography, etc. note Includes bibliographical references (p. 271-297) and index.
505 0# - FORMATTED CONTENTS NOTE
Formatted contents note Material success, social failure. The end of an era -- Poverty or inequality? -- How inequality gets under the skin -- The costs of inequality. Community life and social relations -- Mental health and drug use -- Physical health and life expectancy -- Obesity: wider income gaps, wider waists -- Educational performance -- Teenage births: recycling deprivation -- Violence: gaining respect -- Imprisonment and punishment -- Social mobility: unequal opportunities -- A better society. Dysfunctional societies -- Our social inheritance -- Equality and sustainability -- Building the future.
520 ## - SUMMARY, ETC.
Summary, etc. This eye-opening UK bestseller shows how one single factor--the gap between its richest and poorest members--can determine the health and well-being of a society. The authors also outline a new political outlook in which a shift from self-interested consumerism to a friendlier, more sustainable society is paramount.
650 #0 - SUBJECT ADDED ENTRY--TOPICAL TERM
Topical term or geographic name entry element Equality.
650 #0 - SUBJECT ADDED ENTRY--TOPICAL TERM
Topical term or geographic name entry element Income distribution.
650 #0 - SUBJECT ADDED ENTRY--TOPICAL TERM
Topical term or geographic name entry element Social mobility.
650 #0 - SUBJECT ADDED ENTRY--TOPICAL TERM
Topical term or geographic name entry element Quality of life.
650 #0 - SUBJECT ADDED ENTRY--TOPICAL TERM
Topical term or geographic name entry element Social policy.
700 1# - ADDED ENTRY--PERSONAL NAME
Personal name Pickett, Kate.
906 ## - LOCAL DATA ELEMENT F, LDF (RLIN)
a 7
b cbc
c orignew
d 1
e ecip
f 20
g y-gencatlg
942 ## - ADDED ENTRY ELEMENTS (KOHA)
Source of classification or shelving scheme Library of Congress Classification
Koha item type Normal Collection
Holdings
Withdrawn status Lost status Source of classification or shelving scheme Damaged status Not for loan Home library Current library Date acquired Total Checkouts Full call number Barcode Date last seen Price effective from Koha item type Inventory number
    Library of Congress Classification     International Peace Support Training Centre (IPSTC) International Peace Support Training Centre (IPSTC) 28/04/2026   HM821 .W55 2009 200116742014 28/04/2026 28/04/2026 Normal Collection 1674/2014
    Library of Congress Classification     Kenya Military Academy Kenya Military Academy 07/03/2024   RZ400 .B74 2019 KMA001661 07/03/2024 07/03/2024 Normal Collection  
    Library of Congress Classification     Kenya Military Academy Kenya Military Academy 07/03/2024   RZ400 .B74 2019 KMA001662 07/03/2024 07/03/2024 Normal Collection  
Copyright © 2026 [National Defence University - Kenya]. All rights reserved.